000 00774nam a2200181Ia 4500
008 151202s9999||||xx |||||||||||||| ||und||
082 _bPNVM-70794
100 _aनारायण आर. के. / अनु. धर्मापुरीकर मधुकर.
245 _aमालगुडी डेज.
260 _bसाकेत प्रकाशन औरंगाबाद.
260 _c70794
300 _a304
600 _aनारायण आर. के. / अनु. धर्मापुरीकर मधुकर.
630 _aमालगुडी डेज.
700 _aनारायण आर. के. / अनु. धर्मापुरीकर मधुकर.
730 _aमालगुडी डेज.
942 _cBOOK
999 _c1337301
_d1337298